Economic planning and national development (Record no. 496765)

000 -LEADER
fixed length control field 00348cam a22001097a 4500
008 - FIXED-LENGTH DATA ELEMENTS--GENERAL INFORMATION
fixed length control field 180718b1984 xxu||||| |||| 00| 0 eng d
082 ## - DEWEY DECIMAL CLASSIFICATION NUMBER
Classification number T000x54 In2ep
100 ## - MAIN ENTRY--PERSONAL NAME
Personal name Khusro, A.M.
245 ## - TITLE STATEMENT
Title Economic planning and national development
Statement of responsibility, etc. by A.M. Khusro
260 ## - PUBLICATION, DISTRIBUTION, ETC.
Place of publication, distribution, etc. New Delhi
Name of publisher, distributor, etc. Department Of Personnel And Administrative Reforms
Date of publication, distribution, etc. 1984
300 ## - PHYSICAL DESCRIPTION
Extent 13p.
Holdings
Withdrawn status Lost status Damaged status Not for loan Permanent Location Current Location Date acquired Full call number Barcode Date last seen Price effective from Koha item type
        Indian Institute of Public Administration Indian Institute of Public Administration 2018-08-04 T000x54 In2ep GG19798 2018-08-04 2018-08-04 GG

Powered by Koha